| 000 | 00850nam a2200253 a 4500 | ||
|---|---|---|---|
| 001 | BRCA_6795 | ||
| 005 | 20190320205607.0 | ||
| 008 | 031111s1908----enka######---#000-0#eng-# | ||
| 041 | _aeng | ||
| 044 | _aenk | ||
| 050 | 4 |
_aPZ3 _b.N49 1 1908 |
|
| 100 | 1 |
_aThackeray, William Makepeace _d1811-1863 _916939 |
|
| 245 | 1 | 0 |
_aThe newcomes _bmemoirs of a most respectable family _cby William Makepeace Thackeray ; edited by Arthur Pendennis. |
| 260 |
_aLondres _bThomas Nelson and Sons _c1908 |
||
| 300 |
_avii, 928 p. _bil. _c16 cm. |
||
| 440 | 0 |
_aNew century library. The works of William Makepeace Thackeray _vv.3 _916940 |
|
| 500 | _aEdición con canto de cabeza dorado | ||
| 500 | _aVer también N6, N7 y N8 | ||
| 500 | _aN5 | ||
| 650 | 1 | 4 |
_aLiteratura inglesa _916941 |
| 700 | 1 |
_aPendennis, Arthur _eed. _916942 |
|
| 902 | _aGFM | ||
| 942 |
_2lcc _cB |
||
| 999 |
_c6478 _d6478 |
||